Party games : (Record no. 128687)

MARC details
000 -LEADER
fixed length control field 00576nam a22002177a 4500
005 - DATE AND TIME OF LATEST TRANSACTION
control field 20170124110043.0
010 ## - LIBRARY OF CONGRESS CONTROL NUMBER
LC control number 884500
020 ## - INTERNATIONAL STANDARD BOOK NUMBER
Terms of availability 00.00
International Standard Book Number 0718207564
035 ## - SYSTEM CONTROL NUMBER
System control number 884500
037 ## - SOURCE OF ACQUISITION
Source of stock number/acquisition Cen Lib/Ret
040 ## - CATALOGING SOURCE
Original cataloging agency dpl
Language of cataloging EN
082 ## - DEWEY DECIMAL CLASSIFICATION NUMBER
Classification number 793
Item number REE
100 ## - MAIN ENTRY--PERSONAL NAME
Personal name Rees, C.W.
9 (RLIN) 24125
245 ## - TITLE STATEMENT
Title Party games :
Statement of responsibility, etc by C.W.Rees
Remainder of title you will play again /
260 ## - PUBLICATION, DISTRIBUTION, ETC. (IMPRINT)
Name of publisher, distributor, etc Kaye & Ward
Place of publication, distribution, etc London
Date of publication, distribution, etc 1968
270 ## - ADDRESS
Address 21 New Street
300 ## - PHYSICAL DESCRIPTION
Extent 128p. :
Dimensions 19cm(Hb)
Other physical details ill.
650 ## - SUBJECT ADDED ENTRY--TOPICAL TERM
Topical term or geographic name as entry element Indoor games.
9 (RLIN) 22316
650 ## - SUBJECT ADDED ENTRY--TOPICAL TERM
Topical term or geographic name as entry element Games
9 (RLIN) 22638
942 ## - ADDED ENTRY ELEMENTS (KOHA)
Source of classification or shelving scheme Dewey Decimal Classification
Koha item type English Books
Classification part 793
Call number suffix REE
Holdings
Withdrawn status Lost status Damaged status Not for loan Home library Current library Date acquired Source of acquisition Cost, normal purchase price Total Checkouts Full call number Barcode Date last seen Copy number Cost, replacement price Price effective from Koha item type
        Central Library Central Library 03/07/2015 Cen Lib/Ret 0.00   793 REE 884500 03/07/2015 1 0.00 03/07/2015 English Books

© Delhi Public Library
Hit Counter
free hit counter